[Event "Cornella de Llobregat op"]
[Site "Cornella de Llobregat"]
[Date "2017.05.22"]
[Round "6"]
[White "Bada Navarra, Jordi"]
[Black "Moreno Martin, Daniel"]
[Result "1/2-1/2"]
[WhiteElo "2262"]
[BlackElo "2303"]
[PlyCount "24"]
[EventDate "2017.04.03"]
[EventType "swiss"]
[EventRounds "7"]
[EventCountry "ESP"]
[SourceTitle "EXT 2018"]
[Source "ChessBase"]
[SourceDate "2017.10.13"]
[SourceVersion "1"]
[SourceVersionDate "2017.10.13"]
[SourceQuality "1"]

1. e4 c5 2. Nf3 Nc6 3. Bb5 Nf6 4. 0-0 Nxe4 5. d4 Nd6 6. Bxc6 dxc6 7. dxc5 Nf5 8. Qe2 Nd4 9. Nxd4 Qxd4 10. Rd1 Bg4 11. Rxd4 Bxe2 12. Nc3 Bh5 1/2-1/2

[Event "Cornella de Llobregat op"]
[Site "Cornella de Llobregat"]
[Date "2017.04.24"]
[Round "3"]
[White "Capellades Subirana, Marc"]
[Black "Bada Navarra, Jordi"]
[Result "0-1"]
[WhiteElo "2331"]
[BlackElo "2262"]
[PlyCount "78"]
[EventDate "2017.04.03"]
[EventType "swiss"]
[EventRounds "7"]
[EventCountry "ESP"]
[SourceTitle "EXT 2018"]
[Source "ChessBase"]
[SourceDate "2017.10.13"]
[SourceVersion "1"]
[SourceVersionDate "2017.10.13"]
[SourceQuality "1"]

1. e4 c5 2. Nf3 d6 3. d4 cxd4 4. Nxd4 Nf6 5. Nc3 a6 6. Bg5 e6 7. Qd2 Be7 8. 0-0-0 0-0 9. f4 Qc7 10. Be2 Nbd7 11. Bf3 Rb8 12. Rhe1 h6 13. h4 Nb6 14. g4 Nc4 15. Qe2 b5 16. e5 b4 17. Nd5 Nxd5 18. Bxd5 exd5 19. Bxe7 Qxe7 20. Nc6 Qxh4 21. Rh1 Bxg4 22. Qg2 Ne3 23. Qg1 Qxh1 24. Qxh1 Nxd1 25. Nxb8 Rxb8 26. Qg1 h5 27. exd6 Rd8 28. Qb6 Rd7 29. Qxa6 Ne3 30. b3 h4 31. Kd2 d4 32. Qa8+ Kh7 33. Qe4+ Nf5 34. Qg2 Ne3 35. Qe4+ Nf5 36. Qg2 Ng3 37. Qd5 Rxd6 38. Qxf7 h3 39. Qe7 Rh6 0-1

[Event "Cornella Pinol Memorial 4th"]
[Site "Cornella de Llobregat"]
[Date "2016.10.24"]
[Round "5"]
[White "Castrillo Mansego, Pablo"]
[Black "Bada Navarra, Jordi"]
[Result "0-1"]
[WhiteElo "2020"]
[BlackElo "2110"]
[PlyCount "108"]
[EventDate "2016.09.26"]
[EventType "swiss"]
[EventRounds "9"]
[EventCountry "ESP"]
[SourceTitle "EXT 2018"]
[Source "ChessBase"]
[SourceDate "2017.10.13"]
[SourceVersion "1"]
[SourceVersionDate "2017.10.13"]
[SourceQuality "1"]

1. e4 e5 2. Nf3 Nc6 3. Nc3 Nf6 4. d4 exd4 5. Nxd4 Bb4 6. Nxc6 bxc6 7. Bd3 d5 8. exd5 cxd5 9. 0-0 0-0 10. Bg5 c6 11. Qf3 Be7 12. Rfe1 Bg4 13. Qg3 Be6 14. Bh6 Ne8 15. Bd2 Bd6 16. Bf4 Bxf4 17. Qxf4 Qf6 18. Qg3 g6 19. Na4 Ng7 20. Qe5 Qh4 21. b3 Qd8 22. Re3 Re8 23. Qd4 Bf5 24. Nc5 Rxe3 25. Qxe3 Qf6 26. Rd1 Re8 27. Qd2 Qd4 28. b4 Qb2 29. a4 Bxd3 30. Nxd3 Qa2 31. Nc5 Qc4 32. Nd7 Re6 33. h3 Nf5 34. Qg5 Qxb4 35. g4 Qe7 36. Qxe7 Nxe7 37. Rb1 Kg7 38. Rb7 g5 39. Rxa7 Ng6 40. a5 Re2 41. Rc7 Re1+ 42. Kg2 Ra1 43. Ra7 Ra3 44. a6 Nf4+ 45. Kh2 Nxh3 46. Nb8 Nxf2 47. Nxc6 Nxg4+ 48. Kg2 h5 49. Ra8 h4 50. c3 Rxc3 51. a7 h3+ 52. Kf1 Ra3 53. Re8 h2 54. Kg2 Rxa7 0-1

[Event "Catalunya-chT Gp2"]
[Site "Barcelona"]
[Date "2016.02.20"]
[Round "5.3"]
[White "Bada Navarra, Jordi"]
[Black "Lorenzo de la Riva, Lazaro"]
[Result "0-1"]
[WhiteElo "2062"]
[BlackElo "2386"]
[PlyCount "128"]
[EventDate "2016.01.23"]
[EventType "team-tourn"]
[EventRounds "7"]
[EventCountry "ESP"]
[SourceTitle "EXT 2017"]
[Source "ChessBase"]
[SourceDate "2016.10.25"]
[SourceVersion "1"]
[SourceVersionDate "2016.10.25"]
[SourceQuality "1"]
[WhiteTeam "Sant Boi"]
[BlackTeam "Colon Sabadell"]
[WhiteTeamCountry "ESP"]
[BlackTeamCountry "ESP"]

1. e4 e5 2. Nf3 Nc6 3. Bb5 a6 4. Ba4 Nf6 5. d3 d6 6. c3 g6 7. 0-0 Bg7 8. h3 0-0 9. Qe2 Nh5 10. Rd1 Nf4 11. Bxf4 exf4 12. d4 Bd7 13. Bc2 Qe7 14. c4 Rae8 15. Nc3 f5 16. Qd2 fxe4 17. Bxe4 Kh8 18. Re1 Qd8 19. Bd5 g5 20. Rxe8 Bxe8 21. Re1 Bh5 22. Bxc6 bxc6 23. d5 c5 24. Ne4 h6 25. b4 cxb4 26. Nd4 Bxd4 27. Qxd4+ Kg8 28. f3 Bg6 29. c5 Bxe4 30. Rxe4 dxc5 31. Qxc5 Qd6 32. Qxd6 cxd6 33. Rxb4 Rf5 34. Rb6 Rxd5 35. Rxa6 Kf7 36. Ra8 Rd1+ 37. Kf2 Rd2+ 38. Kf1 Ke6 39. Re8+ Kd5 40. Re2 Rd3 41. Rc2 Re3 42. Kf2 Ra3 43. Rd2+ Kc5 44. Rc2+ Kb4 45. Rd2 Ra6 46. Ke2 Kc3 47. Kd1 d5 48. Rc2+ Kd3 49. Rd2+ Ke3 50. Re2+ Kd4 51. Rd2+ Ke5 52. Re2+ Kd6 53. Rc2 d4 54. Kd2 Kd5 55. Rb2 Ra3 56. Rc2 d3 57. Rc8 Rxa2+ 58. Kxd3 Rxg2 59. Rd8+ Ke5 60. Re8+ Kf5 61. Kd4 Rf2 62. Rf8+ Kg6 63. Ke4 Re2+ 64. Kd5 Re3 0-1

[Event "Catalunya-chT Gp2"]
[Site "Barcelona"]
[Date "2016.02.06"]
[Round "3.4"]
[White "Bada Navarra, Jordi"]
[Black "Martinez Lopez, Ivan"]
[Result "0-1"]
[WhiteElo "2062"]
[BlackElo "2222"]
[PlyCount "111"]
[EventDate "2016.01.23"]
[EventType "team-tourn"]
[EventRounds "7"]
[EventCountry "ESP"]
[SourceTitle "CBM 170 Extra"]
[Source "ChessBase"]
[SourceDate "2016.02.25"]
[SourceVersion "1"]
[SourceVersionDate "2016.02.25"]
[SourceQuality "1"]
[WhiteTeam "Sant Boi"]
[BlackTeam "Lleida"]
[WhiteTeamCountry "ESP"]
[BlackTeamCountry "ESP"]

1. e4 d5 2. exd5 Qxd5 3. Nc3 Qd6 4. d4 Nf6 5. Nf3 c6 6. Bc4 Bg4 7. Be3 Nbd7 8. h3 Bh5 9. g4 Bg6 10. Nh4 Nb6 11. Bb3 Nfd5 12. Qf3 e6 13. Nxg6 hxg6 14. Ne4 Qc7 15. Bd2 Be7 16. 0-0-0 a5 17. a3 a4 18. Ba2 c5 19. dxc5 Bxc5 20. Kb1 Be7 21. Nc3 Rc8 22. Rhe1 0-0 23. Qe4 Nf6 24. Qe2 Qc6 25. Qb5 Bc5 26. Qxc6 Rxc6 27. Be3 Bxe3 28. Rxe3 Rfc8 29. Red3 Kf8 30. Rd4 Ke7 31. R1d2 Ra8 32. f4 Nfd7 33. Ne4 Nc5 34. Nxc5 Rxc5 35. c3 Rac8 36. Kc1 g5 37. fxg5 Rxg5 38. Bb1 Nc4 39. Re2 Rgc5 40. Bd3 Ne5 41. Kc2 b5 42. Rb4 Rb8 43. Rbe4 f6 44. Re1 Rd8 45. Bf1 Rd6 46. Rd1 Rxd1 47. Kxd1 Nc4 48. Bxc4 bxc4 49. Kc2 e5 50. Re1 Ke6 51. h4 g6 52. Rd1 Rd5 53. Rg1 Rd3 54. g5 f5 55. h5 gxh5 56. g6 0-1

[Event "Catalunya-chT Gp2"]
[Site "Barcelona"]
[Date "2016.01.30"]
[Round "2.4"]
[White "Bada Navarra, Jordi"]
[Black "Dominguez Pons, Eric"]
[Result "0-1"]
[WhiteElo "2062"]
[BlackElo "2363"]
[PlyCount "82"]
[EventDate "2016.01.23"]
[EventType "team-tourn"]
[EventRounds "7"]
[EventCountry "ESP"]
[SourceTitle "CBM 170 Extra"]
[Source "ChessBase"]
[SourceDate "2016.02.25"]
[SourceVersion "1"]
[SourceVersionDate "2016.02.25"]
[SourceQuality "1"]
[WhiteTeam "Sant Boi"]
[BlackTeam "Sant Andreu"]
[WhiteTeamCountry "ESP"]
[BlackTeamCountry "ESP"]

1. e4 d5 2. exd5 Qxd5 3. Nc3 Qd6 4. g3 Bf5 5. Bg2 Nc6 6. Nf3 0-0-0 7. 0-0 e5 8. d3 Qd7 9. Re1 f6 10. a3 Bh3 11. b4 Bxg2 12. Kxg2 Nge7 13. Be3 Nf5 14. Ne4 Nxe3+ 15. fxe3 f5 16. Nf2 Qe6 17. e4 g6 18. c3 Bg7 19. Qa4 Kb8 20. b5 Ne7 21. Qb4 h6 22. Re2 Rhf8 23. Rae1 f4 24. g4 g5 25. d4 Ng6 26. d5 Qf6 27. Kh1 Nh4 28. Nxh4 gxh4 29. h3 f3 30. Rc2 h5 31. Rg1 Bh6 32. Qc4 Be3 33. Qd3 Bc5 34. c4 hxg4 35. hxg4 Qb6 36. Qf1 Rf7 37. Kh2 Rg8 38. Kh3 Qg6 39. g5 Qh5 40. g6 Rxg6 41. Rxg6 Qxg6 0-1

[Event "Catalunya-chT Gp2"]
[Site "Barcelona"]
[Date "2016.01.23"]
[Round "1.3"]
[White "Fernandez Diaz, Cristian"]
[Black "Bada Navarra, Jordi"]
[Result "1-0"]
[WhiteElo "2261"]
[BlackElo "2062"]
[PlyCount "85"]
[EventDate "2016.01.23"]
[EventType "team-tourn"]
[EventRounds "7"]
[EventCountry "ESP"]
[SourceTitle "CBM 170 Extra"]
[Source "ChessBase"]
[SourceDate "2016.02.25"]
[SourceVersion "1"]
[SourceVersionDate "2016.02.25"]
[SourceQuality "1"]
[WhiteTeam "Mollet"]
[BlackTeam "Sant Boi"]
[WhiteTeamCountry "ESP"]
[BlackTeamCountry "ESP"]

1. d4 e6 2. c4 f5 3. Nc3 Nf6 4. e3 Bb4 5. Bd3 b6 6. Nge2 Bb7 7. f3 Nh5 8. Bd2 Qh4+ 9. g3 Qe7 10. Rf1 Nc6 11. a3 Bxc3 12. Nxc3 a5 13. Qc2 0-0-0 14. 0-0-0 g6 15. Nb5 Kb8 16. Bc3 Rhf8 17. d5 Na7 18. d6 cxd6 19. Nxa7 Kxa7 20. b4 Rc8 21. bxa5 b5 22. Qb2 Qd8 23. Qxb5 Rc6 24. Bd4+ Ka8 25. Rf2 Ba6 26. Qb4 Qb8 27. Rc2 e5 28. Bb6 Rfc8 29. Qb3 Nf6 30. Rdd2 e4 31. fxe4 Nxe4 32. Bxe4 fxe4 33. Rd4 d5 34. c5 Bc4 35. Rcxc4 dxc4 36. Qb5 Qb7 37. a6 Qb8 38. Rxd7 Rxc5 39. Qb4 R5c7 40. Rxc7 Rxc7 41. Bxc7 Qxc7 42. Kc2 Qf7 43. Qb7+ 1-0

[Event "Sant Boi City-ch"]
[Site "Sant Boi de Llobregat"]
[Date "2015.10.31"]
[Round "5"]
[White "Ros Alonso, Jaume"]
[Black "Bada Navarra, Jordi"]
[Result "1/2-1/2"]
[WhiteElo "2199"]
[BlackElo "2249"]
[PlyCount "54"]
[EventDate "2015.10.03"]
[EventType "tourn"]
[EventRounds "9"]
[EventCountry "ESP"]
[SourceTitle "CBM 170 Extra"]
[Source "ChessBase"]
[SourceDate "2016.02.25"]
[SourceVersion "1"]
[SourceVersionDate "2016.02.25"]
[SourceQuality "1"]

1. e4 c5 2. Nf3 Nc6 3. d4 cxd4 4. Nxd4 Nf6 5. Nc3 e5 6. Ndb5 d6 7. Bg5 a6 8. Na3 b5 9. Bxf6 gxf6 10. Nd5 Bg7 11. Bd3 Ne7 12. Nxe7 Qxe7 13. c3 0-0 14. 0-0 f5 15. exf5 e4 16. Re1 Bb7 17. f6 Qxf6 18. Bxe4 d5 19. Bf3 b4 20. cxb4 Qxb2 21. Qa4 Rac8 22. Rab1 Qxa2 23. Qb3 Qxb3 24. Rxb3 Bc6 25. b5 axb5 26. Nxb5 Rb8 27. Reb1 Rfe8 1/2-1/2

[Event "Sant Boi Lorente Memorial 6th"]
[Site "Sant Boi de Llobregat"]
[Date "2015.06.21"]
[Round "2"]
[White "Lopez Martinez, Josep Manuel"]
[Black "Bada Navarra, Jordi"]
[Result "1-0"]
[WhiteElo "2536"]
[BlackElo "2062"]
[PlyCount "77"]
[EventDate "2015.06.21"]
[EventType "swiss (rapid)"]
[EventRounds "9"]
[EventCountry "ESP"]
[SourceTitle "EXT 2016"]
[Source "ChessBase"]
[SourceDate "2015.10.08"]
[SourceVersion "1"]
[SourceVersionDate "2015.10.08"]
[SourceQuality "1"]

1. e4 e6 2. d4 d5 3. Nc3 Nf6 4. Bg5 Bb4 5. e5 h6 6. Be3 Bxc3+ 7. bxc3 Ne4 8. Qg4 Kf8 9. Ne2 c5 10. f3 Ng5 11. h4 Nh7 12. Nf4 Qe7 13. Bd3 c4 14. Bxh7 Rxh7 15. a4 Kg8 16. Bc1 Nd7 17. Ba3 Qe8 18. Kd2 Kh8 19. h5 b6 20. Bd6 a6 21. Ng6+ Kg8 22. Ne7+ Kh8 23. Qh4 f6 24. f4 Qf7 25. Rhf1 Bb7 26. g4 Re8 27. Ng6+ Kg8 28. Rae1 Bc6 29. f5 exf5 30. gxf5 fxe5 31. dxe5 Nc5 32. f6 Ne4+ 33. Rxe4 dxe4 34. Ke3 Bxa4 35. Qxe4 Bd7 36. Ne7+ Rxe7 37. fxe7 Qxf1 38. Qa8+ Kf7 39. Qf8+ 1-0

[Event "Cerdanyola del Valles op-A 29th"]
[Site "Cerdanyola del Valles"]
[Date "2011.10.08"]
[Round "2"]
[White "Bada Navarra, Jordi"]
[Black "Martinez Lopez, Carlos"]
[Result "0-1"]
[WhiteElo "2058"]
[BlackElo "1556"]
[PlyCount "70"]
[EventDate "2011.10.01"]
[EventType "swiss"]
[EventRounds "8"]
[EventCountry "ESP"]
[SourceTitle "EXT 2013"]
[Source "ChessBase"]
[SourceDate "2012.11.22"]
[SourceVersion "1"]
[SourceVersionDate "2012.11.22"]
[SourceQuality "1"]

1. d4 c5 2. d5 Nf6 3. Bg5 Qb6 4. Nc3 Qxb2 5. Bd2 Qb6 6. e4 e6 7. Nf3 exd5 8. exd5 d6 9. Rb1 Qc7 10. Bb5+ Bd7 11. 0-0 a6 12. Re1+ Be7 13. Bxd7+ Qxd7 14. Qe2 h6 15. Bf4 b5 16. Rbd1 Ra7 17. h3 0-0 18. Qxe7 Qxe7 19. Rxe7 Rxe7 20. Bxd6 Rfe8 21. Bxe7 Rxe7 22. d6 Rd7 23. Ne5 Rd8 24. Nd5 Ne4 25. Ne7+ Kf8 26. Nf5 Nc3 27. Rd3 b4 28. a3 a5 29. Kf1 Nd7 30. Nc6 Ra8 31. axb4 axb4 32. f3 c4 33. Rd2 b3 34. cxb3 cxb3 35. Nfd4 b2 0-1

[Event "Sant Boi Chalmeta Memorial op 23th"]
[Site "Sant Boi de Llobregat"]
[Date "2011.05.13"]
[Round "3.2"]
[White "Bada Navarra, Jordi"]
[Black "Gonzalez Rodriguez, Jorge Armando"]
[Result "0-1"]
[WhiteElo "2059"]
[BlackElo "2418"]
[PlyCount "134"]
[EventDate "2011.04.29"]
[EventType "swiss"]
[EventRounds "8"]
[EventCountry "ESP"]
[SourceTitle "EXT 2024"]
[Source "ChessBase"]
[SourceDate "2023.10.10"]
[SourceVersion "1"]
[SourceVersionDate "2023.10.10"]
[SourceQuality "1"]

1. d4 Nf6 2. Bg5 e6 3. e3 c5 4. c3 b6 5. Nf3 Bb7 6. Bd3 d6 7. Qe2 h6 8. Bxf6 Qxf6 9. Nbd2 a6 10. 0-0 Nd7 11. Ne1 g6 12. f4 Bg7 13. Rd1 d5 14. Nef3 Qe7 15. Ne5 Nf6 16. a3 0-0 17. Qf2 Ne4 18. Qf3 Nd6 19. Qh3 Rac8 20. Ng4 Kh7 21. Nf3 Rh8 22. Nge5 Kg8 23. Qg4 Ne4 24. Nd2 Kh7 25. Qe2 f6 26. Ng4 Nxd2 27. Rxd2 c4 28. Bc2 h5 29. Nf2 f5 30. Nh3 Bf6 31. Qf3 Bc6 32. Qg3 Kh6 33. Kh1 Rhg8 34. Ng1 g5 35. fxg5+ Rxg5 36. Qh3 Rg4 37. g3 Rh8 38. Rdf2 Kg7 39. Ne2 Bd7 40. Rf4 Bg5 41. R4f3 h4 42. Qg2 Kf7 43. h3 hxg3 44. Rxg3 Rxg3 45. Qxg3 Qf6 46. Rg1 Ke7 47. Nf4 Rg8 48. Qf3 Qh6 49. Kh2 Rg7 50. Rg3 b5 51. Bd1 Be8 52. Qf2 a5 53. Qf3 Bf7 54. Be2 Kd7 55. Bd1 Rh7 56. Be2 Bh4 57. Rg2 Be7 58. Rg3 Bd6 59. Kg2 Qf6 60. Kg1 Rh4 61. Kg2 Qh6 62. Kh2 Bxf4 63. exf4 Bh5 64. Qg2 Bxe2 65. Qxe2 Qxf4 66. Qe5 Qxe5 67. dxe5 Re4 0-1

[Event "Cerdanyola del Valles op 28th"]
[Site "Cerdanyola del Valles"]
[Date "2010.10.23"]
[Round "4"]
[White "Bada Navarra, Jordi"]
[Black "Ruiz Arenas, Carlos"]
[Result "0-1"]
[WhiteElo "2074"]
[BlackElo "1940"]
[PlyCount "100"]
[EventDate "2010.10.02"]
[EventType "swiss"]
[EventRounds "7"]
[EventCountry "ESP"]
[SourceTitle "EXT 2012"]
[Source "ChessBase"]
[SourceDate "2011.11.24"]
[SourceVersion "1"]
[SourceVersionDate "2011.11.24"]
[SourceQuality "1"]

1. d4 Nf6 2. Bg5 Ne4 3. h4 Nxg5 4. hxg5 e6 5. Nf3 Be7 6. Qd2 d5 7. Nc3 c5 8. dxc5 Bxc5 9. Qd3 g6 10. Qb5+ Nd7 11. 0-0-0 Bxf2 12. e4 Be3+ 13. Kb1 d4 14. Nxd4 Qxg5 15. Qb4 Qe7 16. Qb3 Bxd4 17. Rxd4 0-0 18. Be2 Ne5 19. Nd1 Qf6 20. Qh3 Qg7 21. Ne3 f6 22. Rd6 Bd7 23. Nc4 Nc6 24. Rhd1 Rad8 25. Ne3 Bc8 26. Bc4 Rxd6 27. Rxd6 Qe7 28. Bxe6+ Bxe6 29. Qxe6+ Qxe6 30. Rxe6 Kf7 31. Rd6 Rd8 32. Rxd8 Nxd8 33. Kc1 Ke6 34. Kd2 Nc6 35. c3 Ne5 36. b3 h5 37. Nd5 Ng4 38. c4 Ke5 39. Nc3 Kf4 40. c5 Kg3 41. b4 Kxg2 42. b5 Ne5 43. Nd5 h4 44. Ke2 h3 45. Nf4+ Kg3 46. Nxh3 Kxh3 47. a4 Nd7 48. c6 bxc6 49. bxc6 Nb6 50. a5 Nc8 0-1